| 000 | 00000nam 2200000zi 4500 |
| 001 | 9.943627 |
| 003 | CaOODSP |
| 005 | 20240927093915 |
| 006 | m o d f |
| 007 | cr ||||||||||| |
| 008 | 240927s1931 onc o f000 0 fre d |
| 040 | |aCaOODSP|bfre|erda|cCaOODSP |
| 043 | |an-cn--- |
| 086 | 1 |aZ1-1930/1F-PDF |
| 245 | 00|aRapport préliminaire de la Commission des réparations, 1930-1931. |
| 264 | 1|aOttawa : |bImprimeur de sa très excellente majesté le Roi, |c1931. |
| 300 | |a1 online resource (38 pages) |
| 336 | |atexte|btxt|2rdacontent/fre |
| 337 | |ainformatique|bc|2rdamedia/fre |
| 338 | |aressource en ligne|bcr|2rdacarrier/fre |
| 500 | |aPublié aussi en anglais sous le titre : Reparations, 1930-31 : interim report. |
| 500 | |aÉdition numérisée de l'imprimée [par Direction des publications du gouvernement du Canada]. |
| 500 | |a« Errol M. McDougall, commissaire. » |
| 500 | |a« Version française du Service de la traduction generale de la Chambre des communes. » |
| 650 | 6|aGuerre mondiale, 1914-1918|xRéparations. |
| 650 | 6|aGuerre mondiale, 1914-1918. |
| 700 | 1 |aMcDougall, Errol Malcolm William,|d1881-1949 |ecommissaire. |
| 710 | 1 |aCanada. |bBureau du Conseil privé, |eorganisme de publication |
| 710 | 1 |aCanada.|bCommission des réparations, |eauteur. |
| 775 | 08|tReparations, 1930-31 |w(CaOODSP)9.828303 |
| 856 | 40|qPDF|s11069 Ko|uhttps://publications.gc.ca/collections/collection_2024/bcp-pco/Z1-1930-1-fra.pdf |